{"text_format":"3","workbook":"xlsx","n_sheets":1,"sheets":["t4"],"read":"whole","date_system":"1900"}

{"sheet":"t4","index":0,"n_rows":193,"n_cols":7,"rows_kept":193,"merged":[[0,0,0,6],[28,0,28,5],[42,0,42,5],[151,0,151,5]]}
["TABELA 4.1 - Estatísticas Agrícolas, Município de Águas da Prata, Estado de São Paulo, 2016/17."]
["ITEM","UNIDADE","N.DE UPAs","MÍNIMO","MÉDIO","MÁXIMO","TOTAL"]
["Distância à sede do município","km",340,{"v":1,"d":"1.0"},{"v":16.38,"d":"16.4"},{"v":30,"d":"30.0"},"-"]
["Área total","hectare",340,0.6,{"v":35.57,"d":"35.6"},635.9,{"v":12093.61,"d":"12,093.6"}]
["Área com cultura perene","hectare",60,0.2,{"v":15.62,"d":"15.6"},{"v":139,"d":"139.0"},937.4]
["Área com cultura temporária","hectare",91,0.3,{"v":9.31,"d":"9.3"},{"v":185,"d":"185.0"},{"v":847,"d":"847.0"}]
["Área com pastagem","hectare",293,0.4,21.2,295.8,{"v":6212.3,"d":"6,212.3"}]
["Área com reflorestamento","hectare",77,0.1,{"v":12.47,"d":"12.5"},{"v":145,"d":"145.0"},{"v":960,"d":"960.0"}]
["Área com vegetação natural","hectare",278,0.1,{"v":9.09,"d":"9.1"},317.1,{"v":2526,"d":"2,526.0"}]
["Área com vegetação de brejo e várzea","hectare",29,0.1,{"v":4.86,"d":"4.9"},24.8,{"v":140.85,"d":"140.9"}]
["Área em descanso","hectare",14,0.3,4.3,15.3,60.2]
["Área complementar","hectare",270,{"v":0.07,"d":"0.1"},{"v":1.52,"d":"1.5"},37.8,{"v":409.86,"d":"409.9"}]
["Área das UPAs com (0, 1] ha","hectare",1,0.6,0.6,0.6,0.6]
["Área das UPAs com (1, 2] ha","hectare",13,1.2,{"v":1.65,"d":"1.7"},{"v":2,"d":"2.0"},21.4]
["Área das UPAs com (2, 5] ha","hectare",53,2.1,{"v":3.38,"d":"3.4"},4.8,{"v":179.15,"d":"179.2"}]
["Área das UPAs com (5, 10] ha","hectare",49,5.2,{"v":7.75,"d":"7.8"},9.9,379.9]
["Área das UPAs com (10, 20] ha","hectare",77,{"v":10.16,"d":"10.2"},{"v":14.01,"d":"14.0"},{"v":19.96,"d":"20.0"},{"v":1078.42,"d":"1,078.4"}]
["Área das UPAs com (20, 50] ha","hectare",93,20.1,{"v":30.35,"d":"30.4"},{"v":48.73,"d":"48.7"},{"v":2822.64,"d":"2,822.6"}]
["Área das UPAs com (50, 100] ha","hectare",26,50.1,{"v":62.61,"d":"62.6"},93.1,{"v":1627.81,"d":"1,627.8"}]
["Área das UPAs com (100, 200] ha","hectare",16,102.7,{"v":134.62,"d":"134.6"},{"v":188,"d":"188.0"},{"v":2153.89,"d":"2,153.9"}]
["Área das UPAs com (200, 500] ha","hectare",11,200.2,{"v":290.35,"d":"290.4"},494.4,{"v":3193.9,"d":"3,193.9"}]
["Área das UPAs com (500, 1.000] ha","hectare",1,635.9,635.9,635.9,635.9]
["Área das UPAs com (1.000, 2.000] ha","hectare","-","-","-","-","-"]
["Área das UPAs com (2.000, 5.000] ha","hectare","-","-","-","-","-"]
["Área das UPAs com (5.000, 10.000] ha","hectare","-","-","-","-","-"]
["Área das UPAs acima de 10.000 ha","hectare","-","-","-","-","-"]
["Fonte: Secretaria de Agricultura e Abastecimento, CDRS/IEA, Projeto LUPA."]
[]
["TABELA 4.2 - Explorações Animais, Município de Águas da Prata, Estado de São Paulo, 2016/17."]
["ITEM","UNIDADE","N.DE UPAs","MÍNIMO","MÉDIO","MÁXIMO","TOTAL"]
["Apicultura","colmeias",3,{"v":10,"d":"10.0"},{"v":20,"d":"20.0"},{"v":30,"d":"30.0"},{"v":60,"d":"60.0"}]
["Asininos e muares","cabecas",32,{"v":1,"d":"1.0"},{"v":1.69,"d":"1.7"},{"v":5,"d":"5.0"},{"v":54,"d":"54.0"}]
["Avicultura para ovos","cabecas",2,{"v":15,"d":"15.0"},32.5,{"v":50,"d":"50.0"},{"v":65,"d":"65.0"}]
["Bovinocultura de corte","cabecas",124,{"v":5,"d":"5.0"},37.2,{"v":400,"d":"400.0"},{"v":4613,"d":"4,613.0"}]
["Bovinocultura leiteira","cabecas",37,{"v":1,"d":"1.0"},{"v":27.43,"d":"27.4"},{"v":168,"d":"168.0"},{"v":1015,"d":"1,015.0"}]
["Bovinocultura mista","cabecas",40,{"v":1,"d":"1.0"},20.2,{"v":135,"d":"135.0"},{"v":808,"d":"808.0"}]
["Equinocultura","cabecas",39,{"v":1,"d":"1.0"},{"v":5.69,"d":"5.7"},{"v":42,"d":"42.0"},{"v":222,"d":"222.0"}]
["Ovinocultura","cabecas",2,{"v":20,"d":"20.0"},22.5,{"v":25,"d":"25.0"},{"v":45,"d":"45.0"}]
["Piscicultura","m2 tanques",1,{"v":230,"d":"230.0"},{"v":230,"d":"230.0"},{"v":230,"d":"230.0"},{"v":230,"d":"230.0"}]
["Suinocultura","cabecas",7,{"v":1,"d":"1.0"},{"v":864,"d":"864.0"},{"v":6000,"d":"6,000.0"},{"v":6048,"d":"6,048.0"}]
["Fonte: Secretaria de Agricultura e Abastecimento, CDRS/IEA, Projeto LUPA."]
[]
["TABELA 4.3 -  Máquinas, Implementos e Benfeitorias, Município de Águas da Prata, Estado de São Paulo, 2016/17."]
["ITEM","UNIDADE","N.DE UPAs","MÍNIMO","MÉDIO","MÁXIMO","TOTAL"]
["Arado comum (bacia, aiveca)","unidade",49,{"v":1,"d":"1.0"},{"v":1.33,"d":"1.3"},{"v":5,"d":"5.0"},{"v":65,"d":"65.0"}]
["Arado subsolador","unidade",12,{"v":1,"d":"1.0"},{"v":1.25,"d":"1.3"},{"v":3,"d":"3.0"},{"v":15,"d":"15.0"}]
["Batedeira de cereais","unidade",9,{"v":1,"d":"1.0"},{"v":1,"d":"1.0"},{"v":1,"d":"1.0"},{"v":9,"d":"9.0"}]
["Camara fria","unidade",1,{"v":1,"d":"1.0"},{"v":1,"d":"1.0"},{"v":1,"d":"1.0"},{"v":1,"d":"1.0"}]
["Carreta de trator","unidade",6,{"v":1,"d":"1.0"},{"v":1.17,"d":"1.2"},{"v":2,"d":"2.0"},{"v":7,"d":"7.0"}]
["Colhedeira acoplada","unidade",2,{"v":1,"d":"1.0"},{"v":1,"d":"1.0"},{"v":1,"d":"1.0"},{"v":2,"d":"2.0"}]
["Computador","unidade",39,{"v":1,"d":"1.0"},{"v":1.36,"d":"1.4"},{"v":8,"d":"8.0"},{"v":53,"d":"53.0"}]
["Conj.irrigacao convencional","unidade",36,{"v":1,"d":"1.0"},{"v":1.33,"d":"1.3"},{"v":3,"d":"3.0"},{"v":48,"d":"48.0"}]
["Conj.irrigacao/gotejamento/microaspersao","unidade",1,{"v":1,"d":"1.0"},{"v":1,"d":"1.0"},{"v":1,"d":"1.0"},{"v":1,"d":"1.0"}]
["Conjunto de fenacao","unidade",1,{"v":1,"d":"1.0"},{"v":1,"d":"1.0"},{"v":1,"d":"1.0"},{"v":1,"d":"1.0"}]
["Desintegrador, picador, triturador","unidade",78,{"v":1,"d":"1.0"},{"v":1.14,"d":"1.1"},{"v":3,"d":"3.0"},{"v":89,"d":"89.0"}]
["Distribuidor de calcario","unidade",24,{"v":1,"d":"1.0"},{"v":1.04,"d":"1.0"},{"v":2,"d":"2.0"},{"v":25,"d":"25.0"}]
["Ensiladeira","unidade",15,{"v":1,"d":"1.0"},{"v":1.07,"d":"1.1"},{"v":2,"d":"2.0"},{"v":16,"d":"16.0"}]
["Grade aradora (tipo romi)","unidade",12,{"v":1,"d":"1.0"},{"v":1.25,"d":"1.3"},{"v":2,"d":"2.0"},{"v":15,"d":"15.0"}]
["Grade niveladora","unidade",40,{"v":1,"d":"1.0"},{"v":1.15,"d":"1.2"},{"v":4,"d":"4.0"},{"v":46,"d":"46.0"}]
["Implementos para tracao animal","unidade",19,{"v":1,"d":"1.0"},{"v":3,"d":"3.0"},{"v":10,"d":"10.0"},{"v":57,"d":"57.0"}]
["Misturador de racao","unidade",2,{"v":1,"d":"1.0"},{"v":1,"d":"1.0"},{"v":1,"d":"1.0"},{"v":2,"d":"2.0"}]
["Mmicrotrator","unidade",1,{"v":2,"d":"2.0"},{"v":2,"d":"2.0"},{"v":2,"d":"2.0"},{"v":2,"d":"2.0"}]
["Ordenhadeira mecanica","unidade",9,{"v":1,"d":"1.0"},{"v":1,"d":"1.0"},{"v":1,"d":"1.0"},{"v":9,"d":"9.0"}]
["Pulverizador tratorizado","unidade",37,{"v":1,"d":"1.0"},{"v":1.24,"d":"1.2"},{"v":2,"d":"2.0"},{"v":46,"d":"46.0"}]
["Resfriador de leite, tanque expansao","unidade",9,{"v":1,"d":"1.0"},{"v":1,"d":"1.0"},{"v":1,"d":"1.0"},{"v":9,"d":"9.0"}]
["Roçadeira costal","unidade",7,{"v":1,"d":"1.0"},{"v":1.86,"d":"1.9"},{"v":6,"d":"6.0"},{"v":13,"d":"13.0"}]
["Roçadeira tratorizada","unidade",8,{"v":1,"d":"1.0"},{"v":1.25,"d":"1.3"},{"v":2,"d":"2.0"},{"v":10,"d":"10.0"}]
["Roçadora","unidade",12,{"v":1,"d":"1.0"},{"v":1.08,"d":"1.1"},{"v":2,"d":"2.0"},{"v":13,"d":"13.0"}]
["Semeadeira/adubadeira para plantio convencional","unidade",17,{"v":1,"d":"1.0"},{"v":1.06,"d":"1.1"},{"v":2,"d":"2.0"},{"v":18,"d":"18.0"}]
["Semeadeira/plantadeira plantio direto","unidade",5,{"v":1,"d":"1.0"},1.2,{"v":2,"d":"2.0"},{"v":6,"d":"6.0"}]
["Terraceador","unidade",1,{"v":1,"d":"1.0"},{"v":1,"d":"1.0"},{"v":1,"d":"1.0"},{"v":1,"d":"1.0"}]
["Trator de pneus  acima de 85 cv","unidade",20,{"v":1,"d":"1.0"},{"v":1.25,"d":"1.3"},{"v":3,"d":"3.0"},{"v":25,"d":"25.0"}]
["Trator de pneus até 65 cv","unidade",7,{"v":1,"d":"1.0"},{"v":1,"d":"1.0"},{"v":1,"d":"1.0"},{"v":7,"d":"7.0"}]
["Trator de pneus de 66 cv a 85 cv","unidade",62,{"v":1,"d":"1.0"},{"v":1.37,"d":"1.4"},{"v":3,"d":"3.0"},{"v":85,"d":"85.0"}]
["Acude/represa","unidade",111,{"v":1,"d":"1.0"},{"v":1.58,"d":"1.6"},{"v":9,"d":"9.0"},{"v":175,"d":"175.0"}]
["Almoxarifado/oficina","unidade",10,{"v":1,"d":"1.0"},1.1,{"v":2,"d":"2.0"},{"v":11,"d":"11.0"}]
["Armazem para graos ensacados","sacas",13]
["Balanca para bovinos","unidade",2,{"v":1,"d":"1.0"},{"v":1,"d":"1.0"},{"v":1,"d":"1.0"},{"v":2,"d":"2.0"}]
["Balanca para veiculos","unidade",1,{"v":1,"d":"1.0"},{"v":1,"d":"1.0"},{"v":1,"d":"1.0"},{"v":1,"d":"1.0"}]
["Barracao para granja/avicultura","unidade",2,{"v":1,"d":"1.0"},{"v":1,"d":"1.0"},{"v":1,"d":"1.0"},{"v":2,"d":"2.0"}]
["Barracao/galpao/garagem","unidade",117,{"v":1,"d":"1.0"},{"v":1.23,"d":"1.2"},{"v":3,"d":"3.0"},{"v":144,"d":"144.0"}]
["Biodigestor","unidade",1,{"v":2,"d":"2.0"},{"v":2,"d":"2.0"},{"v":2,"d":"2.0"},{"v":2,"d":"2.0"}]
["Casa de moradia habitada","unidade",166,{"v":1,"d":"1.0"},{"v":1.99,"d":"2.0"},{"v":15,"d":"15.0"},{"v":330,"d":"330.0"}]
["Casa de moradia total","unidade",229,{"v":1,"d":"1.0"},{"v":2.44,"d":"2.4"},{"v":20,"d":"20.0"},{"v":558,"d":"558.0"}]
["Curral/mangueira","unidade",99,{"v":1,"d":"1.0"},{"v":1.05,"d":"1.1"},{"v":2,"d":"2.0"},{"v":104,"d":"104.0"}]
["Deposito/tulha","unidade",54,{"v":1,"d":"1.0"},{"v":1.31,"d":"1.3"},{"v":6,"d":"6.0"},{"v":71,"d":"71.0"}]
["Estabulo","unidade",38,{"v":1,"d":"1.0"},{"v":1.03,"d":"1.0"},{"v":2,"d":"2.0"},{"v":39,"d":"39.0"}]
["Estufa/plasticultura","m2",2]
["Fabrica de racao","unidade",1,{"v":1,"d":"1.0"},{"v":1,"d":"1.0"},{"v":1,"d":"1.0"},{"v":1,"d":"1.0"}]
["Instalacoes para equinos","unidade",10,{"v":1,"d":"1.0"},5.2,{"v":34,"d":"34.0"},{"v":52,"d":"52.0"}]
["Maquina de beneficio","unidade",10,{"v":1,"d":"1.0"},1.1,{"v":2,"d":"2.0"},{"v":11,"d":"11.0"}]
["Packing house","unidade",1,{"v":1,"d":"1.0"},{"v":1,"d":"1.0"},{"v":1,"d":"1.0"},{"v":1,"d":"1.0"}]
["Pocilga","unidade",9,{"v":1,"d":"1.0"},{"v":2.11,"d":"2.1"},{"v":11,"d":"11.0"},{"v":19,"d":"19.0"}]
["Secador de graos","unidade",6,{"v":1,"d":"1.0"},{"v":1.67,"d":"1.7"},{"v":3,"d":"3.0"},{"v":10,"d":"10.0"}]
["Silo para graos","ton",2]
["Silo para silagem","ton",19]
["Terreiro","m2",44]
["Fonte: Secretaria de Agricultura e Abastecimento, CDRS/IEA, Projeto LUPA."]
[]
["TABELA 4.4 - Outras Estatísticas Agrícolas, Município de Águas da Prata, Estado de São Paulo, 2016/17."]
["ITEM","Número de UPAs",null,"Percentual"]
["Faz Parte de Associação de Produtores",22,null,{"v":6.470588235294118,"d":"6.5"}]
["Faz Parte de Cooperativa de Produtores",22,null,{"v":6.470588235294118,"d":"6.5"}]
["Faz Parte do Sindicato de Produtores",43,null,{"v":12.647058823529413,"d":"12.6"}]
["Não utiliza assistência técnica ",177,null,{"v":52.05882352941177,"d":"52.1"}]
["Utiliza somente assistência técnica governamental ",136,null,{"v":40,"d":"40.0"}]
["Utiliza somente assistência técnica privada ",11,null,{"v":3.235294117647059,"d":"3.2"}]
["Utiliza assistência técnica tanto governamental quanto privada",16,null,{"v":4.705882352941177,"d":"4.7"}]
["Utiliza Crédito Rural",84,null,{"v":24.705882352941174,"d":"24.7"}]
["Utiliza Seguro Rural",62,null,{"v":18.235294117647058,"d":"18.2"}]
["Utiliza Escrituração Agrícola",73,null,{"v":21.470588235294116,"d":"21.5"}]
["Acessa Internet p/ Fins na Agropecuária",128,null,{"v":37.64705882352941,"d":"37.6"}]
["Utiliza Computador nas Atividades Agropecuárias",126,null,{"v":37.05882352941176,"d":"37.1"}]
["Utiliza Energia Elétrica Para Uso na Atividade Agrícola",237,null,{"v":69.70588235294117,"d":"69.7"}]
["Utiliza Energia Alternativa","-",null,"-"]
["Realiza Análise de Solo, quando necessário",123,null,{"v":36.17647058823529,"d":"36.2"}]
["Realiza Calagem",42,null,{"v":12.352941176470587,"d":"12.4"}]
["Utiliza Práticas de Conservação de Solo, quando necessário",79,null,{"v":23.235294117647058,"d":"23.2"}]
["Faz Adubação Mineral, quando necessário",211,null,{"v":62.05882352941177,"d":"62.1"}]
["Faz Adubação Orgânica, quando necessário",27,null,{"v":7.9411764705882355,"d":"7.9"}]
["Faz Adubação Verde, quando necessário",5,null,{"v":1.4705882352941178,"d":"1.5"}]
["Utiliza Manejo Integrado de Pragas (MIP)","-",null,"-"]
["Utiliza Hidroponia",1,null,{"v":0.29411764705882354,"d":"0.3"}]
["Utiliza Cultivo em Estufa",4,null,{"v":1.1764705882352942,"d":"1.2"}]
["Utiliza Mudas Fiscalizadas",74,null,{"v":21.76470588235294,"d":"21.8"}]
["Utiliza Semente Melhorada",176,null,{"v":51.76470588235294,"d":"51.8"}]
["Faz Confinamento de Bovinos",3,null,{"v":0.8823529411764706,"d":"0.9"}]
["Utiliza Pastejo Intensivo",6,null,{"v":1.7647058823529411,"d":"1.8"}]
["Faz Inseminação Artificial",15,null,{"v":4.411764705882353,"d":"4.4"}]
["Faz Mineralização do Rebanho",188,null,{"v":55.294117647058826,"d":"55.3"}]
["Faz Vermifugação do Rebanho",188,null,{"v":55.294117647058826,"d":"55.3"}]
["Possui Parceiros /Arrendatários na Exploração Animal",111,null,{"v":32.64705882352941,"d":"32.6"}]
["Existência de trabalhadores c/ deficiência na UPA","-",null,"-"]
["Esporte e lazer",10,null,{"v":2.9411764705882355,"d":"2.9"}]
["Extração mineral",15,null,{"v":4.411764705882353,"d":"4.4"}]
["Hotel Fazenda, Pousada ou SPA",5,null,{"v":1.4705882352941178,"d":"1.5"}]
["Pesque-pague",1,null,{"v":0.29411764705882354,"d":"0.3"}]
["Restaurante ou Lanchonete",4,null,{"v":1.1764705882352942,"d":"1.2"}]
["Transformação artesanal","-",null,"-"]
["Turismo rural ou ecoturismo",1,null,{"v":0.29411764705882354,"d":"0.3"}]
["Outras atividades econômicas rurais",11,null,{"v":3.235294117647059,"d":"3.2"}]
["Agroindústria","-",null,"-"]
["Proprietário sem instrução ou com instrução incompleta",14,null,{"v":4.117647058823529,"d":"4.1"}]
["Proprietário com antigo primário completo",48,null,{"v":14.11764705882353,"d":"14.1"}]
["Proprietário com 1° grau (ou antigo ginasial) completo",124,null,{"v":36.470588235294116,"d":"36.5"}]
["Proprietário com 2° grau (ou antigo colegial) completo",47,null,{"v":13.823529411764707,"d":"13.8"}]
["Proprietário com curso superior completo ",92,null,{"v":27.058823529411764,"d":"27.1"}]
["Pessoa Jurídica",15,null,{"v":4.411764705882353,"d":"4.4"}]
["Proprietário residente na própria UPA ",64,null,{"v":18.823529411764707,"d":"18.8"}]
["Fonte: Secretaria de Agricultura e Abastecimento, CDRS/IEA, Projeto LUPA."]
[]
["TABELA 4.5 - Área Cultivada, Município de Águas da Prata, Estado de São Paulo, 2016/17."]
["CULTURA","N.DE UPAs","MÍNIMO","MÉDIO","MÁXIMO","TOTAL"]
["Braquiaria",256,0.4,{"v":21.06,"d":"21.1"},295.8,{"v":5391.3,"d":"5,391.3"}]
["Eucalipto",77,0.1,{"v":12.47,"d":"12.5"},{"v":145,"d":"145.0"},{"v":960,"d":"960.0"}]
["Cafe",45,0.3,{"v":19.99,"d":"20.0"},{"v":139,"d":"139.0"},899.5]
["Milho safra",42,0.5,{"v":13.72,"d":"13.7"},{"v":185,"d":"185.0"},576.4]
["Outras gramineas para pastagem",12,1.2,{"v":24.14,"d":"24.1"},{"v":157,"d":"157.0"},289.7]
["Capim-gordura",16,{"v":2,"d":"2.0"},{"v":15.01,"d":"15.0"},71.6,240.1]
["Batata-inglesa (ou batata, ou batatinha)",33,0.6,{"v":5.08,"d":"5.1"},14.5,167.5]
["Setaria",14,0.4,{"v":8.39,"d":"8.4"},33.9,117.4]
["Gramas",9,3.5,{"v":12.87,"d":"12.9"},{"v":35,"d":"35.0"},115.8]
["Coloniao",2,{"v":14,"d":"14.0"},20.4,26.8,40.8]
["Repolho",12,{"v":1,"d":"1.0"},{"v":3.03,"d":"3.0"},9.6,36.3]
["Milho-silagem",2,3.6,14.3,{"v":25,"d":"25.0"},28.6]
["Feijao",7,0.3,{"v":2.96,"d":"3.0"},7.2,20.7]
["Pomar domestico",11,0.4,{"v":1.05,"d":"1.1"},2.4,11.5]
["Sorgo-forrageiro",1,10.9,10.9,10.9,10.9]
["Abacate",3,1.5,2.9,4.8,8.7]
["Capim-napier (ou capim-elefante)",5,0.1,{"v":1.26,"d":"1.3"},3.5,6.3]
["Outras olericolas",6,0.4,{"v":0.88,"d":"0.9"},1.7,5.3]
["Banana",3,0.4,1.7,2.7,5.1]
["Azeitona",1,{"v":5,"d":"5.0"},{"v":5,"d":"5.0"},{"v":5,"d":"5.0"},{"v":5,"d":"5.0"}]
["Manga",1,4.8,4.8,4.8,4.8]
["Cebola",2,0.6,2.3,{"v":4,"d":"4.0"},4.6]
["Cenoura",3,0.1,1.5,2.4,4.5]
["Feijao-vagem (ou vagem, ou feijao-verde)",2,{"v":1,"d":"1.0"},1.7,2.4,3.4]
["Abobora (ou jerimum)",3,0.6,{"v":0.93,"d":"0.9"},1.2,2.8]
["Milho 2 safra",1,2.4,2.4,2.4,2.4]
["Morango",2,{"v":1,"d":"1.0"},1.1,1.2,2.2]
["Cana-de-acucar outras finalidades",1,{"v":2,"d":"2.0"},{"v":2,"d":"2.0"},{"v":2,"d":"2.0"},{"v":2,"d":"2.0"}]
["Tomate envarado",2,{"v":1,"d":"1.0"},{"v":1,"d":"1.0"},{"v":1,"d":"1.0"},{"v":2,"d":"2.0"}]
["Limao",3,0.1,{"v":0.53,"d":"0.5"},{"v":1,"d":"1.0"},1.6]
["Alface",1,{"v":1,"d":"1.0"},{"v":1,"d":"1.0"},{"v":1,"d":"1.0"},{"v":1,"d":"1.0"}]
["Chuchu",1,{"v":1,"d":"1.0"},{"v":1,"d":"1.0"},{"v":1,"d":"1.0"},{"v":1,"d":"1.0"}]
["Couve (ou couve-crespa)",1,{"v":1,"d":"1.0"},{"v":1,"d":"1.0"},{"v":1,"d":"1.0"},{"v":1,"d":"1.0"}]
["Maca",1,{"v":1,"d":"1.0"},{"v":1,"d":"1.0"},{"v":1,"d":"1.0"},{"v":1,"d":"1.0"}]
["Pepino",1,{"v":1,"d":"1.0"},{"v":1,"d":"1.0"},{"v":1,"d":"1.0"},{"v":1,"d":"1.0"}]
["Maracuja",1,0.5,0.5,0.5,0.5]
["Horta domestica",1,0.5,0.5,0.5,0.5]
["Pimentao",1,0.5,0.5,0.5,0.5]
["Jabuticaba",1,0.2,0.2,0.2,0.2]
["Fonte: Secretaria de Agricultura e Abastecimento, CDRS/IEA, Projeto LUPA."]